CR Vasco da Gama Squad 2025 - Statistics

General Stats
  • This quiz has been taken 81 times
    65 since last reset
  • The average score is 20 of 33
Answer Stats
# Position Nation Player % Correct
1 GK Brazil Léo Jardim
95%
99 FW Argentina Pablo Vegetti
89%
11 MF Brazil Philippe Coutinho
89%
- Coach Brazil Fernando Diniz
82%
10 MF France Dimitri Payet
80%
6 DF Italy Lucas Piton
80%
17 FW Portugal Nuno Moreira
78%
77 FW Brazil Rayan
78%
45 FW Angola Loide Augusto
73%
96 DF Brazil Paulo Henrique
73%
25 MF Brazil Hugo Moura
71%
3 MF Brazil Tchê Tchê
67%
43 DF Brazil Lucas Freitas
65%
4 DF Uruguay Mauricio Lemos
64%
13 GK Brazil Daniel Fuzato
62%
2 DF Uruguay José Luis Rodríguez
60%
38 DF Brazil João Victor
58%
8 MF Brazil Jair
56%
7 FW Brazil David
55%
- Coach Brazil Fábio Carille
55%
85 MF Brazil Mateus Carvalho
55%
15 FW Argentina Benjamín Garré
51%
29 DF Brazil Lucas Oliveira
51%
28 FW Brazil Adson
49%
20 MF Argentina Juan Sforza
49%
18 MF Brazil Paulinho Paula
45%
12 DF Brazil Victor Luís
45%
14 MF Brazil Guilherme Estrella
44%
22 DF Argentina Manuel Capasso
44%
90 FW Brazil Alex Teixeira
42%
21 FW Chile Jean Meneses
42%
37 GK Brazil Pablo
36%
- Coach Brazil Felipe Loureiro
25%
No matching quizzes found
Score Distribution
Percent of People with Each Score
Percentile by Number Answered
Your Score History
You have not taken this quiz since the last reset